| 000 | 00931nmm a2200289 a 4500 | ||
|---|---|---|---|
| 001 | ocm0002016214 | ||
| 003 | TR-IsHL | ||
| 005 | 20201028175653.0 | ||
| 008 | 181107s2013 tu tur | ||
| 007 | cr cn | ||
| 020 | _a9786055904876 | ||
| 035 |
_a2016214 _b(N$T) |
||
| 050 | 0 | 4 |
_aPQ2063 _b.S34 2013 |
| 090 | 0 | 4 |
_aPQ2063 _b.S34 2013 |
| 100 | 1 | _aSade, Marquis De | |
| 245 | 1 | 0 |
_aAşkın suçları _h[electronic resource] / _cMarquis De Sade ; çeviren Cemal Süreya |
| 250 | _a1. Basım | ||
| 260 |
_aİstanbul : _bNotos Kitap, _c2013 |
||
| 300 | _a198 p. | ||
| 650 | 4 | _aDil ve Edebiyat | |
| 650 | 4 | _aLanguage and Literature | |
| 650 | 0 |
_aErotik edebiyat _x Fransız |
|
| 650 | 0 |
_aErotic literature _x French |
|
| 650 | 7 |
_aLITERARY COLLECTIONS / European / French _2bisacsh |
|
| 700 | 1 | _aSüreyya, Cemal | |
| 856 | 4 | 0 | _uhttp://search.ebscohost.com/login.aspx?direct=true&scope=site&db=e011xww&AN=2016214 |
| 999 |
_c18781 _d18781 |
||